000 00681nam a2200169 a 4500
008 120416s1983 xx |||||||||||||| || u
020 _a0199140979
050 _aQA 805 Sad
100 _aSadler, A. J
245 1 0 _aUnderstanding mechanics
260 _a
_bOxford University Press
_c1983
350 _a0.00
650 _aENGINEERING
650 _aMECHANICS
995 _aANNEX COLLECTION (Main Library)
_D0.00
_e730559
_FCBU-MAIN LIBRARY (Kitwe)
_H1
_I15.00
_jQA 805 Sad
_M1
_UAVAILABLE
_y027524
_ZAnnex Low-Usage Collection
995 _aBINDERY (DAMAGED)
_D0.00
_e730643
_FCBU-MAIN LIBRARY (Kitwe)
_H1
_I0.00
_jQA 805 SAD
_M2
_UDAMAGED
_WApr 25, 2006
_y027587
_ZMain Library Open Access Collection
999 _c78472
_d78472